World civilizations : sources,images and interpretations

Bibliographic Details
Other Authors: Grunfeld, A.Tom, Sherman, Dennis
Format: Book
Published: New York : McGraw-Hill , 1994
Subjects:

MARC

LEADER 00000cam a2200000 7i4500
001 0000002419
002 000002636
005 20000330.0
020 |a 0070568316 
090 0 0 |a 909   |b WOR 
245 0 0 |a World civilizations :   |b sources,images and interpretations   |c Dennis Sherman and A.Tom Grunfeld...(et al.) 
260 |a New York :   |b McGraw-Hill ,   |c 1994 
300 |a 352p. ;   |c 23cm. 
650 0 0 |a Civilization   |x History   |x Sources 
700 1 |a Grunfeld, A.Tom 
700 1 |a Sherman, Dennis 
999 |a 036102   |b BUKU   |c RUJUKAN   |e PERPUSTAKAAN KOMUNITI PETALING JAYA